书目信息 |
| 题名: |
广雅疏正
|
|
| 作者: | 王念孙清 | |
| 分册: | ||
| 出版信息: | 北京 中华书局 1983 |
|
| 页数: | 440页 | |
| 开本: | 26cm | |
| 丛书名: | ||
| 单 册: | ||
| 中图分类: | H131.4 | |
| 科图分类: | ||
| 主题词: | 汉语--语义 , 汉语--语义学 , 汉语--词汇 , 训诂 | |
| 电子资源: | ||
| ISBN: | ||
| 000 | 00566nam0 2200217 450 | |
| 001 | 0728815141 | |
| 005 | 20070819080015.14 | |
| 010 | @d¥5.30 | |
| 100 | @a20070819d km y0chiy0120 ea | |
| 101 | 0 | @achi |
| 200 | 1 | @a广雅疏正@Aguang ya shu zheng@f王念孙[清]@Fwang nian sun[qing] |
| 210 | @a北京@c中华书局@d1983 | |
| 215 | @a440页@d26cm | |
| 606 | 0 | @a汉语@x语义 |
| 606 | 0 | @a汉语@x语义学 |
| 606 | 0 | @a汉语@x词汇 |
| 606 | 0 | @a训诂 |
| 690 | @aH131.4@v3 | |
| 701 | 0 | @a王念孙清@Awang nian sun qing |
| 801 | 0 | @aCN@bPFT@c20070819 |
| 905 | @a213230@dH131.4@eZW3@f1 | |
| 广雅疏正/王念孙[清].-北京:中华书局,1983 |
| 440页;26cm |
| ISBN :¥5.30 |
| ● |
| 相关链接 |
|
|
|
|
正题名:广雅疏正
索取号:H131.4/ZW3
 
预约/预借
| 序号 | 登录号 | 条形码 | 馆藏地/架位号 | 状态 | 备注 |
| 1 | 7610760 | 276107605 | 密集书库-文学院/ [索取号:H131.4/ZW3] | 在馆 | |
| 2 | 7610761 | 276107614 | 密集书库-文学院/ [索取号:H131.4/ZW3] | 在馆 |